<?xml version="1.0" encoding="UTF-8"?><?xml-stylesheet type="text/xsl" href="static/style.xsl"?><OAI-PMH xmlns="http://www.openarchives.org/OAI/2.0/" xmlns:xsi="http://www.w3.org/2001/XMLSchema-instance" xsi:schemaLocation="http://www.openarchives.org/OAI/2.0/ http://www.openarchives.org/OAI/2.0/OAI-PMH.xsd"><responseDate>2026-04-17T01:23:32Z</responseDate><request verb="GetRecord" identifier="oai:www.recercat.cat:2072/229391" metadataPrefix="marc">https://recercat.cat/oai/request</request><GetRecord><record><header><identifier>oai:recercat.cat:2072/229391</identifier><datestamp>2024-12-13T09:43:31Z</datestamp><setSpec>com_2072_96861</setSpec><setSpec>com_2072_96858</setSpec><setSpec>com_2072_96852</setSpec><setSpec>com_2072_2015</setSpec><setSpec>col_2072_228894</setSpec></header><metadata><record xmlns="http://www.loc.gov/MARC21/slim" xmlns:dcterms="http://purl.org/dc/terms/" xmlns:xsi="http://www.w3.org/2001/XMLSchema-instance" xmlns:doc="http://www.lyncode.com/xoai" xsi:schemaLocation="http://www.loc.gov/MARC21/slim http://www.loc.gov/standards/marcxml/schema/MARC21slim.xsd">
   <leader>00925njm 22002777a 4500</leader>
   <datafield ind2=" " ind1=" " tag="042">
      <subfield code="a">dc</subfield>
   </datafield>
   <datafield ind2=" " ind1=" " tag="720">
      <subfield code="a">González Reverté, Francesc</subfield>
      <subfield code="e">author</subfield>
   </datafield>
   <datafield ind2=" " ind1=" " tag="720">
      <subfield code="a">Miralbell Izard, Oriol</subfield>
      <subfield code="e">author</subfield>
   </datafield>
   <datafield ind2=" " ind1=" " tag="520">
      <subfield code="a">From the point of view of local development cultural tourism events represent an opportunity since they are distributed homogeneously by the Catalan territory and are experiencing a vertiginous growth as a way to differentiate the existing supply. In our study a sample of 264 telephone surveys made to organizers of events in Catalonia has been compiled, with the purpose of characterizing the existing supply, thematic typologies, management models, commercialization inputs and economic impact. The results allow us to characterize events from the point of view of their tourist potential. Finally some recommendations are set out to develop future tourism policies based on events according to product differentiation, seasonality, competitiveness and creativity.</subfield>
   </datafield>
   <datafield ind2=" " ind1=" " tag="520">
      <subfield code="a">Des del punt de vista dels esdeveniments locals de desenvolupament cultural del turisme representen una oportunitat, ja que es distribueixen homogèniament per tot el territori català i estan experimentant un creixement vertiginós, com una forma de diferenciar l'oferta existent. En el nostre estudi s'ha elaborat una mostra de 264 enquestes telefòniques realitzades als organitzadors d'esdeveniments a Catalunya, per tal de caracteritzar l'oferta existent, les tipologies temàtiques, models de gestió, comercialització de inputs i l'impacte econòmic. Els resultats ens permeten caracteritzar els esdeveniments des del punt de vista del seu potencial turístic. Finalment, s'estableixen algunes recomanacions per a desenvolupar futures polítiques de turisme basades en els esdeveniments d'acord a la diferenciació del producte, l'estacionalitat, la competitivitat i la creativitat.</subfield>
   </datafield>
   <datafield ind2=" " ind1=" " tag="520">
      <subfield code="a">Desde el punto de vista del desarrollo local del turismo cultural los eventos representan una oportunidad, ya que se distribuyen homogéneamente por todo el territorio catalán y están experimentando un crecimiento vertiginoso, como una forma de diferenciar la oferta existente. En nuestro estudio se ha elaborado una muestra de 264 encuestas telefónicas realizadas a los organizadores de eventos en Cataluña, con el fin de caracterizar la oferta existente, las tipologías temáticas, los modelos de gestión, la comercialización de inputs y el impacto económico. Los resultados nos permiten caracterizar los eventos desde el punto de vista de su potencial turístico. Finalmente, se establecen algunas recomendaciones para desarrollar futuras políticas de turismo basadas en los eventos de acuerdo a la diferenciación del producto, la estacionalidad, la competitividad y la creatividad.</subfield>
   </datafield>
   <datafield ind1="8" ind2=" " tag="024">
      <subfield code="a">González, F.; Miralbell, O. (2008) "Cultural events and tourism development in Catalonia (Spain)". ATLAS Annual Conference 2008. Selling or telling? Paradoxes in Tourism, Culture and Heritage, Brighton, University of Brighton.</subfield>
   </datafield>
   <datafield ind1="8" ind2=" " tag="024">
      <subfield code="a">http://hdl.handle.net/10609/1642</subfield>
   </datafield>
   <datafield tag="653" ind2=" " ind1=" ">
      <subfield code="a">Event</subfield>
   </datafield>
   <datafield tag="653" ind2=" " ind1=" ">
      <subfield code="a">Tourism</subfield>
   </datafield>
   <datafield tag="653" ind2=" " ind1=" ">
      <subfield code="a">Esdeveniments</subfield>
   </datafield>
   <datafield tag="653" ind2=" " ind1=" ">
      <subfield code="a">Turisme</subfield>
   </datafield>
   <datafield tag="653" ind2=" " ind1=" ">
      <subfield code="a">Eventos</subfield>
   </datafield>
   <datafield tag="653" ind2=" " ind1=" ">
      <subfield code="a">Turismo</subfield>
   </datafield>
   <datafield tag="653" ind2=" " ind1=" ">
      <subfield code="a">Tourism -- Catalonia (Spain)</subfield>
   </datafield>
   <datafield tag="653" ind2=" " ind1=" ">
      <subfield code="a">Special events -- Planning</subfield>
   </datafield>
   <datafield tag="653" ind2=" " ind1=" ">
      <subfield code="a">Turisme -- Catalunya</subfield>
   </datafield>
   <datafield tag="653" ind2=" " ind1=" ">
      <subfield code="a">Esdeveniments especials -- Planificació</subfield>
   </datafield>
   <datafield tag="653" ind2=" " ind1=" ">
      <subfield code="a">Turismo -- Cataluña</subfield>
   </datafield>
   <datafield tag="653" ind2=" " ind1=" ">
      <subfield code="a">Eventos especiales -- Planificación</subfield>
   </datafield>
   <datafield ind2="0" ind1="0" tag="245">
      <subfield code="a">Cultural events and tourist development in Catalonia (Spain)</subfield>
   </datafield>
</record></metadata></record></GetRecord></OAI-PMH>